000 00481nam a2200193Ia 4500
005 20240823052041.0
008 240823s9999||||xx |||||||||||||| ||und||
020 _a978-81-239-1723-8
041 _aENGLISH
082 _A620.1064 Q2
100 _aAsawa G L
245 0 _aFluid Flow in Pipes and Channels
250 _a1st
260 _c2012
_b"CBS Publishers & Distributors,New "
500 _aYES
650 _aFluid Flow in Pipes
_bCivil
942 _cBK
999 _c220965
_d220965